000 01228nam a22002417a 4500
003 NALT
005 20251125232843.0
008 s2533 th tha d
040 _aNALT
041 _atha
086 _aสภ 01 3.1 342..02 2533
090 _aKD 6
_bร362บ 2533
110 2 _949754
_aสำนักงานเลขาธิการรัฐสภา.
_bกองการพิมพ์
245 1 0 _aบทความเกี่ยวกับรัฐธรรมนูญ /
_cกองการพิมพ์ สำนักงานเลขาธิการรัฐสภา.
260 _aกรุงเทพฯ :
_bกองการพิมพ์ สำนักงานเลขาธิการรัฐสภา,
_c2533.
300 _a80 หน้า ;
_b
_c20 ซม.
650 4 _aรัฐธรรมนูญ
_95540
_zไทย
_xความรู้ทั่วไป
651 4 _910976
_aไทย
_xรัฐธรรมนูญ
_xความรู้ทั่วไป
850 _aNALT
856 4 0 _uhttps://hdl.handle.net/20.500.14156/426974
942 _cLB
_2local
998 _bSOPAPORN
_bphon
_cDAO
_j8
_k นายบัณฑิต อุทาวงค์
999 _c15629
_d15629